| 000 | 01414cam a2200289 4500 | ||
|---|---|---|---|
| 001 | gs 67000157 | ||
| 003 | DLC | ||
| 005 | 20260227111420.0 | ||
| 008 | 690606m19611967dcuab b 00010 eng c | ||
| 010 | _ags 67000157 //r85 | ||
| 040 | _aU.S. Geological Survey Library | ||
| 050 | 1 |
_aQE75 _b.B9 no. 1117 |
|
| 100 | 1 | 0 |
_aZubovic, Peter, _d1915- |
| 245 | 1 | 0 |
_aMinor elements in American coals _c[by Peter Zubovic, Taisia Stadnichenko, and Nola B. Sheffey] |
| 260 | 0 |
_aWashington, _bU.S. Govt. Print. Off. _c[1961-1967] |
|
| 300 |
_a1 v. (various pagings) _billus., maps. _c24 cm. |
||
| 490 | 1 |
_aUnited States. Geological Survey. Bulletin _v1117 |
|
| 500 | _aPart of illustrative matter folded in pocket. | ||
| 500 | _aIssued as separate chapters A-D. | ||
| 504 | _aIncludes bibliographies. | ||
| 505 | 0 | _aA. Geochemistry of minor elements in coals of the Northern Great Plains coal province.--B. Distribution of minor elements in coal beds of the Eastern Interior region.--C. Distribution of minor elements in coals of the Appalachian region.--D. Distribution of minor elements in some coals in the Western and Southwestern regions of the Interior coal province. | |
| 650 | 0 |
_aCoal _zUnited States. |
|
| 650 | 0 |
_aCoal _xAnalysis. |
|
| 700 | 1 | 0 |
_aStadnichenko, Taisia Maximovna, _d1894-1958, _ejoint author. |
| 700 | 1 | 0 |
_aSheffey, Nola B., _d1929- _ejoint author. |
| 830 | 0 |
_aGeological Survey bulletin ; _v1117. |
|
| 999 |
_c30307 _d30307 |
||